000 00769nam a2200229Ii 4500
003 JO-AjNU
008 230605s9999||||xx |||||||||||||| ||und||
017 _a1999/6/926
020 _a978-9957-11-047-5
040 _aJO-AjNU
_bara
_erda
_cJO-AjNU
041 _aara
050 1 4 _aHD31.S25 2015
100 3 _aالسالم، مؤيد سعيد,
_eauthor
_962201
245 0 0 _aنظرية المنظمة: الهيكل والتصميم
250 _aط4
264 3 1 _aعمان: دار وائل للنشر والتوزيع، 2015
300 _a205ص
336 _atext
_btxt
_2rdacontent
337 _aunmediated
_bn
_2rdamedia
338 _avolume
_bnc
_2rdacarrier
650 4 _aمنظمة-فلسفة-المنظمات والهيئات-ادارة الاعمال
_962202
999 _aA28155
_c31723
_d31723